00580 2200241 4500001002100000008004100021035001900062245005900081100001500140110001500155250000500170260004600175300002600221020001800247022001800265024000500283084001300288520000500301082000700306650000500313863000500318990001500323INLIS000000000000003 Ind $a 0010-1222000002$a MIMPI MASA SILAM : $b MIMPI MASA SILAM / $c AJIP ROSIDI$a AJIP ROSIDI$a AJIP ROSIDI$a I$a Jakarta $b YAYASAN OBOR INDONESIA $c 2001 $a 68 hlm. ; $c 17x25 cm.$a 856-225-456-78$a 856-225-456-78$a -$a 800 AJI m$a -$a 800$a -$a 1$a 1472/p/2018